|
|
|
|
| LEADER |
00000nab a2200000 a 4500 |
| 001 |
vtls000724610 |
| 003 |
SK-MaSNL |
| 005 |
20260426073809.0 |
| 008 |
160324c2000 xo 0 slo |
| 015 |
|
|
|a SNBRB2000/06-16704
|
| 035 |
|
|
|a CLN000076774
|
| 040 |
|
|
|a SNKBUCL
|b slo
|c SNKBUCL
|e AACR2
|
| 041 |
0 |
|
|a slo
|
| 044 |
|
|
|a xo
|c SK
|
| 080 |
|
|
|a 301.162(437.6:437.1/.2)
|2 1997
|
| 080 |
|
|
|a 301.162(437.1/.2.437.6)
|2 1997
|
| 100 |
1 |
|
|a Hrudková, Marcela
|4 aut
|9 889979
|
| 245 |
1 |
0 |
|a Štyri dohody Dzurindu so Zemanom
|b čas na skúmanie občianskeho komfortu Slovákov a Čechov
|c Marcela Hrudková
|
| 650 |
0 |
7 |
|a medzinárodné dohody
|2 SNKPH
|9 29408
|
| 651 |
|
7 |
|a Česko
|2 SNKPHgeo
|9 16753
|
| 651 |
|
7 |
|a Slovensko
|2 SNKPHgeo
|9 14231
|
| 655 |
|
7 |
|a články z novín a časopisov
|2 snkbucl
|9 267496
|
| 773 |
0 |
|
|x 1335-4698
|t Slovenská republika
|g Roč. 8, č. 118 (24.5.2000), s. 6
|
| 850 |
|
|
|a Slovenská národná knižnica v Martine
|
| 852 |
|
|
|a SNK
|b KIS3GCP
|
| 958 |
|
|
|a SK
|
| 958 |
|
|
|a CZ
|
| 958 |
|
|
|a RBX
|
| 999 |
|
|
|c 2717482
|d 2719412
|